=LDR 00000nam 2200000 4500 =001 INLIS00000000000057 =005 20260702043538 =020 ##$$a 978-623-293-155-8 =082 ##$$a 499.221 =100 1#$$a Utami Pratiwi, S.Pd =245 1 $$a Mahir Dan Terampil Berbahasa Indonesia /$c Utami Pratiwi, S.Pd =300 ##$$a 96 ; 14x20